000 00463nam a2200169Ia 4500
008 090201s9999 xx 000 0 und d
010 _aKPL-58655
040 _bमराठी
041 _aमराठी
082 _a6020
_b58655
100 _aवि ज बोरकर
245 _aवंश
_cवि ज बोरकर
260 _c2004
_bमैाज प्रकाशन
300 _a103
_bमोठा
600 _aवंश
942 _cBOOK
999 _c206871
_d206871